Improving the linearity of an analog voltage-to-period converter

Bibliographic Details
Main Author: Kollár, Mojmír, 1945- (Author)
Format: Article
Language:Slovak
English
PhysicalDescription:Grafy, sch., tab.
ISSN:1335-3632
Subjects:

MARC

LEADER 00000nab a2200000 a 4500
001 vtls000868956
003 SK-MaSNL
005 20260304120704.0
008 250429c2003 xo 0 slo
015 |a SNBRB2004/04-11384 
035 |a CLN000220508 
035 |a urn:nbn:sk:snk-abs30 
035 |a (urnnbn)urn:nbn:sk:snk:ar-a03qxx 
035 |a (uuid)b1b15f94-a35e-4a85-8a41-274c5f5fe115 
040 |a SNKBUCL  |b slo  |c SNKBUCL  |e AACR2 
041 0 |a eng 
044 |a xo  |c SK 
080 |a 621.314  |2 1997 
080 |a 621.373  |2 1997 
100 1 |a Kollár, Mojmír,  |d 1945-  |4 aut  |9 202455 
245 1 0 |a Improving the linearity of an analog voltage-to-period converter  |c Mojmír Kollár 
300 |b Grafy, sch., tab. 
504 |a Bibliogr. odkazy 
504 |a Biogr. údaje 
504 |a Res. angl. 
650 0 7 |a napätím riadené oscilátory  |2 snkbucl  |9 222034 
650 0 7 |a meniče napäťové analógové  |x linearita  |2 snkbucl  |9 1424944 
655 7 |a články z novín a časopisov  |2 snkbucl  |9 267496 
773 0 |t Journal of electrical engineering  |g Roč. 54, č. 11-12 (2003), s. 298-304  |x 1335-3632 
850 |a Slovenská národná knižnica 
852 |a Slovenská národná knižnica 
958 |a article27 
958 |a NB 
958 |a OND 
958 |a EUIPO 
999 |c 2881027  |d 2882957